000 00598nam a2200169 i 4500
001 67925
003 ES-MaACL
005 20230906170155.0
007 t|
008 040216s1954 sp ||||1| spa d
100 1 _aGallo, Salvatore.
_953636
245 1 0 _a¿Es el niño religioso?
_b: génesis del sentimiento religioso en la infancia /
_cSalvador Gallo ; [traducción directa del original italiano por Juan Fábregas Camí].
260 _a[Madrid] :
_bAtenas,
_c[1954] (
_fBenzal)
300 _a210 p. ;
_c20 cm.
700 1 _aFábregas Camí, Juan.
_948558
852 _aES-MaACL
_jC-8785
_bR.36749
999 _c67925
_d67925